000 01985nam a2200421 c 4500
003 BLK
005 20240604102130.0
008 180408b bul|||||r ||||||| ||bul||
010 _aKNG00099567000
020 _a978-954-9886-18-4
_bиздат.: Паритет
040 _aBLK
041 _aBUL
_cBUL
072 7 _2bullib
_aН5000
_xЕкология Н
072 7 _2bullib
_aН63
_xСелско стопанство Н
080 _aСелско стопанство и въздействие на почвата
_b502:631/635
_x(035)
_z502:631/635(035)
100 1 _aКалинина, Ирина
_eпърви автор
_9306047
700 1 _aМитов, Георги
_eпрев.
_gГоцов, Георги Митов
_9374020
139 _aКалинина, Ирина
_bК 16
245 1 0 _aЖива земя
_bТайните на органичното земеделие
_cИрина Калинина; прев. Георги Митов.
257 _aRUS
260 София
_bПаритет
_c2010
_fСофия : Анториери
300 _a153 с.
_c20 см
380 _a63
490 1 _aМоята градина
500 _aОриг. загл. Живая земля. Секреты органического земледелия / Ирина Калинина. - Пълното име на прев. е Георги Митов Гоцов.
650 4 _aЗемеделие - екологични проблеми
_9270168
650 4 _aСелскостопанска продукция - екологични проблеми
_9306048
653 _aземеделие
653 _aселскостопански произведения
653 _aекологични проблеми
659 _aН
852 _aЦб 250890
856 4 _qpdf
_u
856 4 _qpdf
_u
942 _cKNG
_n0
_03
944 _aCR
_c16.02.2011
_lЦветомила Тодорова
_k30576
944 _aED
_c02.06.2016
_lф /
_kПенка_Димитрова
999 _c94745
_d94745